Llei 2/2005, de 4 d'abril, de contractes d'integració / edició a cura de la lletrada Esther Andreu i Fornós
Descripción Física:
18 p. ; 21 cm
Colección:
Textos legislatius ; 46
Otros Autores:
Andreu i Fornós, Esther
MARC
| LEADER | 00000nam a2200000Ia 4500 | ||
|---|---|---|---|
| 001 | 18314 | ||
| 008 | 160829s2006 xx 000 0 cat d | ||
| 080 | |a FU-50-13 | ||
| 100 | |a Catalunya. Llei de contractes d'integració (2005) |9 37830 | ||
| 245 | |a Llei 2/2005, de 4 d'abril, de contractes d'integració / edició a cura de la lletrada Esther Andreu i Fornós | ||
| 250 | |a Ed. no venal | ||
| 260 | |a Barcelona : |b Parlament de Catalunya, |c 2006 | ||
| 300 | |a 18 p. ; |c 21 cm | ||
| 490 | |a Textos legislatius ; 46 | ||
| 650 | |a Integració social |x Dret i legislació |x Catalunya |9 37831 | ||
| 650 | |a Contractes |x Catalunya |9 37832 | ||
| 700 | 1 | |a Andreu i Fornós, Esther |9 37827 | |
| 710 | 1 | |a Catalunya. |b Parlament |9 11492 | |
| 901 | |a Arxiu | ||
| 942 | |n 1 | ||
| 952 | |0 0 |1 0 |4 0 |6 FU5013 |7 1 |9 48106 |a Arxiu |b Arxiu |d 2016-12-01 |l 0 |o FU-50-13 |p 18314 |r 2016-12-01 00:00:00 |w 2016-12-01 |y ARXIU | ||
| 999 | |c 51909 |d 51909 | ||